Statistics for Sheffield Supertram Stations

Click here to take the quiz!

General Stats

  • This quiz has been taken 19 times
  • The average score is 51 of 85

Answer Stats

Answer% Correct
West Street
100%
West Street
100%
Fitzalan Square / Ponds Forge
94%
Fitzalan Square / Ponds Forge
94%
Fitzalan Square / Ponds Forge
94%
Fitzalan Square / Ponds Forge
94%
Hillsborough
94%
Hillsborough
94%
Meadowhall
94%
Middlewood
94%
Shalesmoor
94%
Shalesmoor
94%
Cathedral
88%
Cathedral
88%
Cathedral
88%
Cathedral
88%
City Hall
81%
City Hall
81%
Cricket Inn Road
75%
Cricket Inn Road
75%
Malin Bridge
75%
Castle Square
69%
Castle Square
69%
Castle Square
69%
Castle Square
69%
Halfway
69%
Hillsborough Park
69%
Meadowhall South / Tinsley
69%
Meadowhall South / Tinsley
69%
Netherthorpe Road
69%
Netherthorpe Road
69%
University of Sheffield
69%
University of Sheffield
69%
Attercliffe
63%
Attercliffe
63%
Granville Road / The Sheffield College
63%
Granville Road / The Sheffield College
63%
Hyde Park
63%
Hyde Park
63%
Infirmary Road
63%
Infirmary Road
63%
Leppings Lane
63%
Rotherham Central
63%
Rotherham Parkgate
63%
Sheffield Station / Sheffield Hallam University
63%
Sheffield Station / Sheffield Hallam University
63%
Carbrook
56%
Carbrook
56%
Crystal Peaks
56%
Herdings / Leighton Road
56%
Nunnery Square
56%
Nunnery Square
56%
Valley Centertainment
56%
Valley Centertainment
56%
Arena / Don Valley Stadium
50%
Arena / Don Valley Stadium
50%
Bamforth Street
50%
Bamforth Street
50%
Donetsk Way
50%
Herdings Park
50%
Langsett / Primrose View
50%
Langsett / Primrose View
50%
Arbourthorne Road
44%
Arbourthorne Road
44%
Manor Top / Elm Tree
44%
Manor Top / Elm Tree
44%
White Lane
44%
Birley Moor Road
38%
Gleadless Townend
38%
Gleadless Townend
38%
Beighton / Drake House Lane
31%
Park Grange
31%
Park Grange
31%
Park Grange Croft
31%
Park Grange Croft
31%
Spring Lane
31%
Spring Lane
31%
Woodbourn Road
31%
Woodbourn Road
31%
Birley Lane
25%
Moss Way
25%
Holinsend
19%
Holinsend
19%
Waterthorpe
19%
Westfield
19%

Score Distribution

Percentile by Number Answered

Percent of People with Each Score

Your Score History

You have not taken this quiz